000 00278nam a2200121Ia 4500
005 20251222140052.0
008 251222s1900||||xx |||||||||||||| ||spa||
082 _a101/B59
100 _aBiturro, Jorge
245 0 _aIntroducción al Filosofar
264 _bKapelusz
942 _cLIB
999 _c3631
_d3631